Statistics for Minecraft Dirt Blocks

Click here to take the quiz!

General Stats

  • This quiz has been taken 156 times
    (65 since last reset)
  • The average score is 4 of 8

Answer Stats

Answer% Correct
Dirt
98%
Grass Block
83%
Coarse Dirt
56%
Dirt Path
46%
Mycelium
44%
Podzol
42%
Rooted Dirt
40%
Farmland
38%

Score Distribution

Percentile by Number Answered

Percent of People with Each Score

Your Score History

You have not taken this quiz since the last reset